[Event "80th Tata Steel Challengers 2018"]
[Site "Wijk aan Zee"]
[Date "2018.01.13"]
[Round "1"]
[White "Amin, Bassem"]
[Black "Harika, Dronavalli"]
[Result "1/2-1/2"]
[WhiteElo "2693"]
[BlackElo "2497"]
[Annotator "TA"]
[PlyCount "59"]
[EventDate "2018.??.??"]
[EventType "tourn"]
[EventCountry "NED"]
[SourceTitle "playchess.com"]
[Source "ChessBase"]
[SourceQuality "1"]

{[%evp 14,59,0,0,0,0,0,-3,10,-8,-16,-6,-23,-22,-11,-17,-4,-18,-20,-12,-12,-19,0,-50,-26,-35,-9,-9,-3,-9,-16,-15,-10,-21,-9,-2,0,0,0,0,0,0,0,0,0,0,0,0]} 1. Nf3 d5 2. g3 g6 3. Bg2 Bg7 4. O-O e5 5. d3 Ne7 6. e4 O-O 7. exd5 Nxd5 8. Nc3 {LiveBook: 9 Partien. A07: Barcza-System (Königsfianchetto mit möglichen Übergängen in andere Systeme)} c6 $146 ({Vorgänger:} 8... Ne7 9. a4 Nbc6 10. a5 Rb8 11. Nd2 b6 12. axb6 cxb6 13. Re1 Bb7 14. Nc4 a6 15. Ne4 Nf5 {1-0 (45) Vachier Lagrave,M (2723)-Caruana,F (2805) Stavanger 2015}) 9. Re1 Re8 10. Bg5 Qc7 11. d4 Nxc3 12. bxc3 Bg4 13. h3 Bxf3 14. Qxf3 h6 15. Bf6 Nd7 16. Bxg7 Kxg7 17. Re3 Re6 18. h4 Rae8 19. h5 Nf6 {Droht stark ...e4.} (19... e4 {is interesting.} 20. Qe2 f5 21. Bh3 Nf6 22. hxg6 Kxg6 23. c4 h5) 20. hxg6 {Die Stellung ist ausgeglichen.} fxg6 {und nun wäre ...e4 stark für Schwarz.} 21. Qe2 e4 {Und ...Sd5 würde nun gewinnen.} 22. c4 h5 23. Rb1 b6 24. Re1 Qf7 25. Bh3 R6e7 26. a4 Nh7 27. Bg2 {[%cal Rg2e4]} Nf6 28. Bh3 Nh7 29. Bg2 {[%cal Rg2e4]} Nf6 30. Bh3 {Precision: Weiß = 54%, Schwarz = 78%.} 1/2-1/2

[Event "80th Tata Steel Challengers 2018"]
[Site "Wijk aan Zee"]
[Date "2018.01.13"]
[Round "1"]
[White "Krasenkow, Michal"]
[Black "L'Ami, Erwin"]
[Result "1/2-1/2"]
[WhiteElo "2671"]
[BlackElo "2634"]
[Annotator "TA"]
[PlyCount "85"]
[EventDate "2018.??.??"]
[EventType "tourn"]
[EventCountry "NED"]
[SourceTitle "playchess.com"]
[Source "ChessBase"]
[SourceQuality "1"]

{[%evp 13,85,24,27,-11,-11,-36,-12,-31,-33,-31,-10,-33,-26,-66,-14,-15,-20,-12,-17,-38,-16,-31,-18,-19,-10,-20,-12,-3,9,-7,-7,-4,0,0,0,0,0,0,0,0,0,0,0,0,0,0,0,0,0,0,38,38,62,45,58,23,32,8,8,8,63,25,25,25,51,0,0,0,0,0,0,0,0,0]} 1. Nf3 d5 2. d4 c6 3. Bf4 Nf6 4. e3 Bg4 5. Nbd2 {[%cal Bb1d2,Bd2f3,Bf3e5][%mdl 32]} e6 6. h3 Bxf3 {D02: 1 d4 d5 2 Nf3 sidelines, including 2...Nf6 3 g3 and 2...Nf6 3 Bf4} 7. Nxf3 Bd6 {LiveBook: 5 Games} 8. Ne5 Qc7 9. Bh2 Nbd7 $146 ({Find the theoretical novelty and annotate with similar games:} 9... O-O 10. Bd3 c5 11. c3 Nc6 12. f4 Ne4 13. O-O f5 14. Qe2 {½-½ (36) Mitkov,N (2535)-Georgiev,K (2663) Struga 2007}) 10. f4 O-O 11. Bd3 Ne4 12. Bxe4 (12. O-O {NOTEXT} f6 13. Nxd7 Qxd7 14. c4 f5 15. Rc1) 12... dxe4 13. O-O f6 (13... Nb6 $15) 14. Nxd7 Qxd7 15. c4 f5 16. Qb3 h6 17. g4 Kh7 18. Rad1 Rg8 19. Kh1 g6 20. Rg1 Rad8 21. Bg3 g5 22. Rdf1 gxf4 23. Bxf4 Bxf4 24. Rxf4 Rg5 25. gxf5 exf5 26. Qd1 {[#] Threatens to win with Rxg5.} Qf7 27. Qf1 $36 {[%mdl 2048] Hoping for Rxg5. White fights for an advantage.} Rf8 28. h4 Rxg1+ 29. Kxg1 $11 {[%mdl 4096] Endgame KQR-KQR} Qf6 30. b3 Rf7 31. Kh1 Kg8 32. Qh3 Kf8 33. Rf2 Ke7 34. Qg3 Qd6 35. Qxd6+ Kxd6 $14 {KR-KR} 36. Kg1 Ke6 (36... c5 $11) 37. Rg2 f4 38. Kf2 c5 39. Rg6+ (39. d5+ $1 $14 Ke5 40. Rg6) 39... Kf5 $11 {The position is equal.} 40. Rd6 {And now Rd5+ would win.} cxd4 41. Rxd4 f3 42. Rd5+ Ke6 43. Rd4 {Precision: White = 62%, Black = 45%.} 1/2-1/2

[Event "80th Tata Steel Challengers 2018"]
[Site "Wijk aan Zee"]
[Date "2018.01.13"]
[Round "1"]
[White "Korobov, Anton"]
[Black "Bluebaum, Matthias"]
[Result "1-0"]
[WhiteElo "2652"]
[BlackElo "2640"]
[Annotator "TA"]
[PlyCount "81"]
[EventDate "2018.??.??"]
[EventType "tourn"]
[EventCountry "NED"]
[SourceTitle "playchess.com"]
[Source "ChessBase"]
[SourceQuality "1"]

{[%evp 17,81,0,-4,-11,-4,-6,-12,-13,-11,-14,0,-18,-4,-17,-17,-24,-18,-11,45,45,32,34,50,50,37,42,45,0,0,0,0,-2,0,0,0,0,0,0,0,0,16,-8,99,100,132,144,126,126,167,157,123,144,143,129,345,356,348,274,361,354,635,630,637,637,637,637]} 1. d4 Nf6 2. Nf3 d5 3. Bf4 c5 4. e3 Nc6 5. Nbd2 Qb6 (5... e6 6. c3 cxd4 7. exd4 Nh5 8. Be3 Bd6 9. Bd3 Nf4 10. Bxf4 Bxf4 11. O-O O-O 12. Re1 Bd7 13. Ne5 Nxe5 14. dxe5 g6 {1-0 (104) Vidit,S (2715)-Aronian,L (2805) Riadh 2017}) 6. dxc5 {D02: 1 d4 d5 2 Nf3 sidelines, including 2...Nf6 3 g3 and 2...Nf6 3 Bf4} Qxb2 7. Rb1 Qc3 8. Bb5 e6 9. O-O Be7 {LiveBook: 15 Games} 10. Nb3 O-O 11. Qd3 Ne4 12. Bxc6 $146 ({Predecessor:} 12. Rfc1 Nb4 {0-1 (47) Rosen,E (2369)-Schroeder,J (2539) Helsingor 2017}) 12... bxc6 13. Ne5 Bf6 14. Nxc6 Bd7 15. Nca5 {[%cal Bc6a5,Ba5b7,Bb7d6][%mdl 32]} Rfc8 16. Nb7 $1 e5 17. Bg3 $1 Rc7 (17... Qb4 $11 18. Nd6 Nxd6 19. Qxd5 Be6 20. Qxd6 Rd8) 18. Nd6 $14 Qxd3 19. cxd3 Nxc5 20. Rfc1 Ne6 21. Rxc7 Nxc7 22. Na5 Na6 $36 {[%mdl 2048] Black fights for an advantage.} 23. Nab7 Rb8 {next ...Nc5! is good for Black.} 24. Rb3 Bc6 25. h3 h5 26. h4 Kf8 27. Kh2 Kg8 28. f3 Kh7 29. Na5 Ba4 {[#]} (29... Rxb3 $11 {remains equal.} 30. Nxb3 (30. axb3 Ba8 $15) 30... Kg6) 30. Ra3 $1 $16 {[%cal Ra3a4]} Be8 31. Nxe8 Rxe8 32. Nc6 $1 {[%csl LRa6,LRa7]} Nc5 {[#]} 33. Nxe5 $1 {[%mdl 512]} Rxe5 34. d4 {[%cal Bd3d4,Bd4c5,Bc5c6,Bc6c7][%mdl 32]} Re6 {...Ra6 is the strong threat.} 35. dxc5 {[%mdl 4096] Endgame KRB-KRB} a6 $2 (35... Be7 $16) 36. Rd3 $18 Kg6 37. Bf2 Re5 38. Kh3 Be7 $2 (38... Re8 39. Rxd5 Rc8) 39. c6 {Threatens to win with c7.White is clearly winning.} Bd6 40. Bg3 Re6 41. c7 {Precision: White = 80%, Black = 48%.} 1-0

[Event "80th Tata Steel Challengers 2018"]
[Site "Wijk aan Zee"]
[Date "2018.01.13"]
[Round "1"]
[White "Xiong, Jeffery"]
[Black "Bok, Benjamin"]
[Result "1/2-1/2"]
[WhiteElo "2634"]
[BlackElo "2607"]
[Annotator "TA"]
[PlyCount "87"]
[EventDate "2018.??.??"]
[EventType "tourn"]
[EventCountry "NED"]
[SourceTitle "playchess.com"]
[Source "ChessBase"]
[SourceQuality "1"]

{[%evp 19,87,0,0,0,21,20,19,17,20,0,0,0,0,0,0,0,0,-7,0,0,0,0,0,0,0,0,0,0,0,0,0,0,0,0,0,0,0,0,0,0,0,0,0,0,0,0,0,0,0,0,0,0,0,0,0,0,0,0,0,0,0,0,0,0,0,0,0,0,0,0]} 1. e4 e5 2. Nf3 Nc6 3. Bb5 Nf6 {[%cal Bg8f6,Bf6d7,Bd7c5][%mdl 32]} 4. d3 Bc5 5. Bxc6 dxc6 6. Nbd2 {C65: Ruy Lopez: Berlin Defence (3...Nf6), unusual lines and 4 0-0 Bc5} Be6 7. O-O Nd7 8. Nb3 Bb6 9. Ng5 Bxb3 10. axb3 f6 {LiveBook: 17 Games. The position is equal.} 11. Nf3 {[%cal Bg5f3,Bf3d2,Bd2c4][%mdl 32]} O-O 12. Nd2 Nc5 13. Qg4 $146 ({Find the theoretical novelty and annotate with similar games:} 13. Nc4 Ne6 {½-½ (58) Giri,A (2790)-Kramnik,V (2801) Stavanger 2016}) 13... Qc8 14. Qxc8 (14. Qf3 {NOTEXT} Rd8 15. Nc4 Qd7 16. h4 Ne6 17. Bd2) 14... Rfxc8 15. Nc4 Ne6 16. Be3 Bxe3 17. fxe3 c5 18. g4 a6 19. h4 h6 20. Rf2 b6 21. Kf1 a5 22. Ke2 Re8 23. Nd2 Kf7 24. Nf3 Ke7 25. g5 hxg5 26. hxg5 Rh8 27. Raf1 Rh5 28. gxf6+ gxf6 29. Nd2 Rah8 30. Nb1 Rh2 31. Nc3 Rxf2+ 32. Rxf2 $11 {[%mdl 4096] Endgame KRN-KRN} c6 33. Kd2 Rh3 34. Rg2 Kf7 35. Nd1 Rh4 36. Nf2 Ng5 37. Ke2 Ke6 38. Ng4 Nf7 39. Nh2 Ng5 40. Nf1 Rh1 41. Rf2 Nh3 42. Rg2 Ng5 43. Rf2 Nh3 44. Rg2 {Precision: White = 99%, Black = 79%.} 1/2-1/2

[Event "80th Tata Steel Challengers 2018"]
[Site "Wijk aan Zee"]
[Date "2018.01.13"]
[Round "1"]
[White "Van Foreest, Jorden"]
[Black "Van Foreest, Lucas"]
[Result "1-0"]
[WhiteElo "2629"]
[BlackElo "2481"]
[Annotator "TA"]
[PlyCount "123"]
[EventDate "2018.??.??"]
[EventType "tourn"]
[EventCountry "NED"]
[SourceTitle "playchess.com"]
[Source "ChessBase"]
[SourceQuality "1"]

{[%evp 17,123,11,16,0,0,0,0,8,16,29,19,35,60,29,71,82,154,137,329,345,349,347,348,318,296,78,77,75,99,93,92,60,56,59,61,64,85,89,93,93,89,90,107,92,137,144,158,115,116,116,116,133,189,188,202,194,315,306,385,362,29969,29970,29967,113,29968,29969,29991,29992,29994,385,401,392,355,296,294,263,280,252,263,245,281,275,256,254,370,391,380,377,356,385,363,326,268,273,527,532,387,1329,1108,825,537,479,5447,5073,1037,1018,497,452]} 1. e4 e5 2. Nf3 Nc6 3. Bb5 Nf6 4. d3 Bc5 5. O-O Nd4 6. Nxd4 Bxd4 7. c3 {C65: Ruy Lopez: Berlin Defence (3...Nf6), unusual lines and 4 0-0 Bc5} (7. Nd2 c6 8. Ba4 d6 9. Nf3 Bb6 10. c3 h6 11. Re1 O-O 12. h3 Re8 13. Bc2 d5 14. d4 Nxe4 15. Bxe4 dxe4 16. Nxe5 {½-½ (57) Harikrishna,P (2744)-Wang,H (2709) Huaian 2017}) 7... Bb6 8. Na3 c6 9. Ba4 d6 {LiveBook: 16 Games} 10. Bc2 Bg4 $146 11. Qe1 Be6 12. Nc4 Bc7 13. f4 exf4 14. Bxf4 Nh5 15. Bd2 Bxc4 16. dxc4 {[%cal Bd3c4,Bc4c5][%mdl 32]} h6 (16... Qe7 $142) 17. c5 $1 $16 O-O $2 (17... g5 $16) 18. Rf5 $18 g6 {[#]} 19. Rxh5 $1 {[%mdl 512]} gxh5 20. Bxh6 Qf6 21. Bxf8 $2 (21. Qd2 $1 $18 {and the rest is easy.}) 21... Rxf8 $16 22. Qg3+ Qg7 23. Qh4 dxc5 24. Qxh5 Rd8 {Threatens to win with ...Rd2.} 25. Rd1 Rxd1+ 26. Bxd1 b5 27. Qg4 {And now Qc8+ would win.} Be5 28. Qc8+ Qf8 29. Qxc6 Qd8 30. Be2 $1 c4 31. g3 a6 32. Qxa6 Qd2 33. Qc8+ ({Of course not} 33. Qxb5 $6 Qe1+ 34. Bf1 Qe3+ 35. Kh1 (35. Kg2 Qxe4+ 36. Kg1 Qe3+ 37. Kh1 Qf3+ 38. Kg1 Qe3+ 39. Kh1 Qf3+ 40. Kg1 Qe3+ $11) 35... Qxe4+ 36. Kg1 Qe3+ 37. Kh1 Qf3+ 38. Kg1 Qe3+ 39. Kh1 Qf3+ 40. Kg1 Qe3+ $11) 33... Kg7 34. Qf5 Bf6 (34... Qxe2 $16 {might work better.} 35. Qxe5+ f6 36. Qe7+ (36. Qxb5 Qe3+ 37. Kh1 Qf3+ 38. Kg1 Qe3+ 39. Kh1 Qf3+ 40. Kg1 Qe3+ $11) 36... Kg6) 35. Bh5 $18 Qc1+ {[#]} 36. Kg2 $1 {Black must now prevent e5.} Qxb2+ (36... Qd2+ $142 37. Kh3 Qg5) 37. Kh3 {e5 would kill now.} Qxc3 38. Qd5 Qe5 $2 (38... Kh8 $18 39. Bxf7 Kg7) 39. Qxf7+ Kh8 40. Qf8+ Kh7 {[#]} 41. Bg4 $1 Bg7 42. Bf5+ Kh6 43. Qd8 $2 (43. Qg8 {NOTEXT} Qxf5+ 44. exf5 b4 45. Qf7 Kh7 46. f6 Kh6 47. Qxg7+ Kh5 48. g4#) 43... Qf6 44. Qg8 Kg5 45. Qb8 {Threatening mate with Qf4+.} Kh6 46. Qxb5 c3 47. Bg4 {[%csl Gg4][%cal Rb5h5]} Qf7 48. Qc6+ Kg5 {[%cal Rf7f1]} 49. Qc5+ Kh6 {( -> ...Qf1+)} 50. Qb6+ Kh7 (50... Qg6 $142 51. Qc5 Qg5 52. Qc6+ Qg6) 51. Bf5+ Kh8 52. Qd8+ Bf8 53. Qh4+ Kg8 54. Qg4+ Kh8 {intending ...c2.} 55. e5 c2 $2 (55... Be7 {is a better defense.} 56. Bd3 c2 57. Qc8+ Kg7 58. Qxc2 Qh5+ 59. Kg2 Qxe5) 56. Bxc2 {aiming for Qh4+.} Qf1+ 57. Kh4 {White wants to mate with Qh5+.} Be7+ {White is clearly winning.} 58. Kh5 {White threatens Kg6 and mate.} Qf7+ 59. Bg6 Qxa2 (59... Qg7 $142 60. Qe6 Qf8) 60. h4 Qd5 61. Qf4 Kg8 62. Be4 {Precision: White = 79%, Black = 50%.} 1-0

[Event "80th Tata Steel Challengers 2018"]
[Site "Wijk aan Zee"]
[Date "2018.01.13"]
[Round "1"]
[White "Tari, Aryan"]
[Black "Vidit, Santosh Gujrathi"]
[Result "1/2-1/2"]
[WhiteElo "2599"]
[BlackElo "2718"]
[Annotator "TA"]
[PlyCount "73"]
[EventDate "2018.??.??"]
[EventType "tourn"]
[EventCountry "NED"]
[SourceTitle "playchess.com"]
[Source "ChessBase"]
[SourceQuality "1"]

{[%evp 34,73,28,25,22,21,39,21,35,0,0,0,0,0,0,-8,0,-16,-16,-16,-30,-32,-27,-25,-33,-19,0,0,0,0,0,0,0,0,0,0,0,0,0,0,0,0]} 1. e4 e5 2. Nf3 Nc6 3. Bb5 {[%cal Bf1b5,Bb5a4,Ba4b3][%mdl 32]} a6 4. Ba4 Nf6 5. O-O Be7 6. Re1 b5 7. Bb3 d6 8. c3 O-O 9. h3 Bb7 10. d4 Re8 11. Nbd2 Bf8 12. a3 h6 13. Bc2 d5 14. dxe5 {C93: Spanische Partie (Smyslow-Variante)} Nxe5 15. Nxe5 Rxe5 16. Nf3 Re8 (16... Rxe4 17. Bxe4 dxe4 18. Qxd8 Rxd8 19. Nd4 Nd5 20. Rd1 Nb6 21. Bf4 Na4 {½-½ (58) Salgado Lopez,I (2629)-Kovalev,V (2636) Heraklio 2017}) 17. e5 Ne4 18. Bf4 {LiveBook: 5 Partien} c5 19. a4 f5 20. Nd2 Qh4 21. Nxe4 $146 ({Vorgänger:} 21. Be3 Bc6 22. axb5 axb5 23. Rxa8 Bxa8 {½-½ (36) O'Toole,R (2152)-Morcin,T (2079) LSS email 2013}) 21... dxe4 22. Qd7 Qxf4 23. Qxb7 Rad8 {[#] Droht stark ...Td2.} 24. Re2 Qxe5 25. axb5 axb5 26. Qxb5 Kh8 27. Qc4 Rb8 28. Ba4 Bd6 {[#] ( -> ...Dh2+)} 29. g3 Re6 {Die Stellung ist ausgeglichen.} 30. Bb3 Rg6 31. Qd5 Rxg3+ 32. fxg3 Qxg3+ 33. Rg2 Qe3+ 34. Kf1 Qf3+ 35. Kg1 Qe3+ 36. Kf1 Qf3+ 37. Kg1 {Precision: Weiß = 84%, Schwarz = 80%.} 1/2-1/2

[Event "80th Tata Steel Challengers 2018"]
[Site "Wijk aan Zee"]
[Date "2018.01.13"]
[Round "1"]
[White "Girya, Olga"]
[Black "Gordievsky, Dmitry"]
[Result "0-1"]
[WhiteElo "2489"]
[BlackElo "2622"]
[Annotator "TA"]
[PlyCount "100"]
[EventDate "2018.??.??"]
[EventType "tourn"]
[EventCountry "NED"]
[SourceTitle "playchess.com"]
[Source "ChessBase"]
[SourceQuality "1"]

{[%evp 29,100,90,102,84,93,79,86,79,81,82,87,29,36,33,57,40,59,34,42,44,65,57,93,0,0,-27,0,0,0,0,0,0,0,0,12,-73,-59,-55,-48,-84,-89,-140,-112,-360,-377,-536,-333,-639,-647,-641,-631,-584,-385,-552,-376,-375,-352,-359,-322,-1298,-1245,-29992,-29986,-29993,-29987,-29987,-29988,-29988,-29989,-29989,-29990,-29991,-29992]} 1. d4 Nf6 2. c4 d6 3. Nf3 g6 4. Nc3 Bg7 5. e4 O-O 6. Be2 Na6 7. O-O e5 8. Be3 c6 9. d5 Ng4 10. Bg5 f6 11. Bh4 c5 12. Ne1 h5 {E94: King's Indian: Classical: 6 Be2 e5 7 0-0: Various Black 7th moves} (12... Nh6 13. f3 Nf7 14. Rb1 h5 15. Nd3 Bh6 16. Bf2 Bd7 17. b4 b6 18. bxc5 Nxc5 19. a4 a5 20. Qc2 {1-0 (67) So,W (2822)-Shimanov,A (2642) chess.com INT 2017}) 13. a3 Nh6 14. f3 Nf7 15. Nc2 Bh6 {LiveBook: 3 Games} 16. Bd3 Bd7 17. Qe2 {[#]} Nc7 $146 ({Predecessor:} 17... Kg7 18. Ne3 Qe7 19. Rab1 b6 20. Bc2 {0-1 (63) Ochsner,B (2417)-Maze,S (2628) Helsingor 2016}) 18. b4 b6 19. Ne3 Ne8 20. Bf2 (20. Rab1 $16) 20... Ng7 $11 21. Qc2 Nh8 {[%cal Bf7h8,Bh8g6,Bg6f4][%mdl 32]} 22. bxc5 bxc5 23. Rab1 f5 24. exf5 gxf5 25. Rb7 Bc8 26. Rb2 ({White should play} 26. Rxg7+ $1 $16 Kxg7 27. Nxf5+ Bxf5 28. Bxf5) 26... Ng6 27. Rfb1 Nf4 28. Bf1 h4 29. Qa4 {Threatens to win with Qc6.} Bd7 30. Qa6 Qf6 31. Nb5 $1 Bxb5 32. Qxb5 (32. cxb5 $11 {remains equal.} Rfd8 33. a4) 32... Qg6 {White must now prevent ...Nh3+.} 33. Kh1 Nfh5 34. Qb3 Ng3+ 35. Kg1 ({Don't blunder} 35. hxg3 $2 hxg3 36. Kg1 gxf2+ 37. Kxf2 Bf4 $19) (35. Bxg3 $142 hxg3 36. h3) 35... e4 {[%cal Be5e4,Be4e3,Be3e2][%mdl 32]} 36. hxg3 $2 (36. fxe4 $17 {was worth a try.} Nxe4 37. Qd3 (37. Bxh4 f4 $15)) 36... hxg3 $19 37. Be1 (37. Bxg3 $142 Qxg3 38. Be2) 37... Rae8 38. Nd1 $2 (38. fxe4 f4 39. Nc2) 38... e3 {aiming for ...Bf4.} 39. Bd3 Nh5 40. Nc3 Nf4 41. Qc2 (41. Qd1 {is a better defense.} Qg5 42. Ne2) 41... e2 42. Bxf5 Qh5 $1 {[%csl Gg3][%cal Rh5h2]} 43. Bxg3 {[#]} ({Much weaker is} 43. Bh7+ Kh8 $17) 43... Bg7 $1 {[%cal Rg7d4] ( -> ...Bd4+)} 44. Be6+ $2 (44. Bh3 Nxh3+ 45. gxh3 Bxc3 46. Qxc3 Rxf3 47. Qe1 Qxh3 48. Rb3 Rf1+ 49. Qxf1 exf1=N 50. Rxf1) 44... Rxe6 45. dxe6 Bd4+ {Black mates.} 46. Bf2 Qg5 {[%csl Gf4][%cal Rg5g2]} 47. g4 {[#]} Qh4 $1 {[%csl Gh4][%cal Rd4f2]} (47... Bxf2+ $2 48. Kxf2 Qh4+ 49. Ke3 $17) 48. Qxe2 Nxe2+ 49. Rxe2 Qg3+ 50. Kf1 Qxf3 {Precision: White = 25%, Black = 86%.} 0-1

[Event "80th Tata Steel Challengers 2018"]
[Site "Wijk aan Zee"]
[Date "2018.01.14"]
[Round "2"]
[White "Vidit, Santosh Gujrathi"]
[Black "Krasenkow, Michal"]
[Result "1-0"]
[WhiteElo "2718"]
[BlackElo "2671"]
[Annotator "TA"]
[PlyCount "53"]
[EventDate "2018.??.??"]
[EventType "tourn"]
[EventCountry "NED"]
[SourceTitle "playchess.com"]
[Source "ChessBase"]
[SourceQuality "1"]

{[%evp 28,53,31,33,74,76,196,182,426,306,327,256,308,300,316,310,342,340,394,386,605,577,601,593,590,581,624,400]} 1. e4 c5 2. Nf3 e6 3. d4 cxd4 4. Nxd4 Nf6 5. Nc3 Nc6 6. Nxc6 bxc6 7. e5 Nd5 8. Ne4 Qc7 9. f4 Qb6 10. c4 Bb4+ 11. Ke2 f5 12. exf6 Nxf6 {B45: Sicilian Four Knights} 13. Be3 Qd8 14. Nd6+ Bxd6 15. Qxd6 {LiveBook: 25 Games} Qe7 (15... Bb7 16. Rd1 Rc8 17. g4 c5 18. Rg1 Rf8 19. f5 Qb6 20. fxe6 dxe6 {1-0 (40) Karjakin,S (2762)-Yu,Y (2721) Baku 2015}) 16. Bc5 {[%csl Gc5][%cal Rd6e7] [#]} Qf7 $146 (16... Qxd6 $16 {was called for.} 17. Bxd6 Bb7) ({Predecessor:} 16... Qxd6 17. Bxd6 Kf7 18. Kf3 Ne8 19. Ba3 d5 20. Bd3 {1-0 (35) Ahmed,A (2346)-Ayyad,M (2123) Muscat 2015}) 17. Ke3 {[%cal Be2e3,Be3d2,Bd2c2][%mdl 32]} g5 $2 (17... Ng8 {was necessary.} 18. Bd3 Nh6) 18. Be2 g4 19. Rac1 h5 20. Rc3 Qg7 21. Bd3 Kf7 22. Kd2 ({Less strong is} 22. Qe7+ Kg8 $18) 22... Re8 23. Re1 {[%cal Bh1e1,Be1e5,Be5f5][%mdl 32]} Qh6 (23... Qf8 $142 24. Qxf8+ Rxf8 25. Bxf8 Kxf8) 24. Kc2 {White is clearly winning.} a5 25. Re5 Nh7 26. Rf5+ Kg8 27. Qe5 {Precision: White = 79%, Black =  4%.} 1-0

[Event "80th Tata Steel Challengers 2018"]
[Site "Wijk aan Zee"]
[Date "2018.01.14"]
[Round "2"]
[White "Bluebaum, Matthias"]
[Black "Girya, Olga"]
[Result "0-1"]
[WhiteElo "2640"]
[BlackElo "2489"]
[Annotator "TA"]
[PlyCount "124"]
[EventDate "2018.??.??"]
[EventType "tourn"]
[EventCountry "NED"]
[SourceTitle "playchess.com"]
[Source "ChessBase"]
[SourceQuality "1"]

{[%evp 18,124,8,8,8,8,20,17,14,17,18,16,14,20,17,0,0,0,21,6,6,6,9,9,3,8,20,0,20,0,0,0,0,0,0,0,0,0,0,0,0,0,0,0,0,0,0,-9,-10,-10,-14,-15,-16,-48,-33,-51,-58,-78,-78,-79,-78,-78,-78,-178,-186,-185,-178,-171,-171,-189,-171,-122,-122,-353,-141,-344,-189,-322,-162,-214,-168,-407,-401,-401,-400,-399,-392,-337,0,-392,-392,-801,-771,-1604,-1356,-1758,-1425,-1787,-1694,-2024,-1991,-2139,-1535,-2471,-2208,-29986,-29987,-29987,-29988]} 1. Nf3 d5 2. g3 Bg4 3. Bg2 c6 4. O-O Nd7 5. h3 Bxf3 6. Bxf3 {A07: Barcza-System (Königsfianchetto mit möglichen Übergängen in andere Systeme)} e5 7. d3 Ngf6 8. e4 Bc5 9. Nc3 dxe4 10. Nxe4 {LiveBook: 4 Partien} Nxe4 11. dxe4 O-O 12. Qe2 a5 $146 ({Vorgänger:} 12... Qe7) 13. a4 Qe7 14. Kg2 Rfd8 15. Bd2 Nf8 16. Rfd1 Ne6 17. c3 Rd6 18. Bg4 Rad8 19. Be1 g6 20. h4 h5 21. Bf3 Ba7 22. Qc2 Nc5 23. Be2 Qe6 24. Rxd6 Rxd6 25. Ra3 Qd7 26. b4 Nd3 27. Bxd3 $1 Rxd3 28. bxa5 c5 29. Qe2 c4 30. Ra2 Kg7 31. Rd2 Rxd2 32. Qxd2 Qc6 $36 {[%mdl 2048] Weiss steht unter Druck.} 33. Qc2 Bb8 34. f3 Bc7 35. Qb2 Bxa5 36. Qa3 Bb6 37. Qe7 Qc5 38. Qxc5 Bxc5 $17 {[%mdl 4096] Endspiel KL-KL} 39. Bf2 Ba3 40. f4 (40. Bb6 $17 {war angesagt.}) 40... Kf6 41. Kf3 Ke6 42. Be3 Be7 43. Bf2 Bd8 44. Be1 Bc7 45. Bf2 $2 {[#]} (45. Bd2 $17) 45... Kd7 $2 (45... f5 $1 $19 46. exf5+ gxf5) 46. Be3 $2 (46. f5 $17) 46... Kc6 (46... f5 $142 47. Bc1 Ke6) 47. Ke2 (47. g4 {war erzwungen.}) 47... b6 (47... f5 $142 48. exf5 gxf5) 48. Kd2 (48. f5 {einziger Zug.}) 48... Kb7 49. fxe5 $2 {[#]} (49. f5 {ist eine bessere Verteidigung.}) 49... Bxe5 $19 50. Bf4 Bg7 51. Bd6 Kc6 52. Bf4 Kb7 53. Bd6 $1 Ka6 54. e5 $2 (54. Kc2 Ka5 55. Bf4) 54... Ka5 55. Ke3 Kxa4 56. Kd4 Kb3 57. Bc7 b5 58. Ba5 Bh6 59. Kc5 Bd2 60. Kd6 Bxc3 61. Bxc3 Kxc3 62. Ke7 Kd4 {Precision: Weiß = 41%, Schwarz = 64%.} 0-1

[Event "80th Tata Steel Challengers 2018"]
[Site "Wijk aan Zee"]
[Date "2018.01.14"]
[Round "2"]
[White "L'Ami, Erwin"]
[Black "Amin, Bassem"]
[Result "1/2-1/2"]
[WhiteElo "2634"]
[BlackElo "2693"]
[Annotator "TA"]
[PlyCount "60"]
[EventDate "2018.??.??"]
[EventType "tourn"]
[EventCountry "NED"]
[SourceTitle "playchess.com"]
[Source "ChessBase"]
[SourceQuality "1"]

{[%evp 23,60,68,71,71,74,63,66,65,74,16,14,10,10,14,56,0,64,0,0,0,37,0,32,0,0,-20,-31,-21,4,0,0,0,16,16,16,0,0,0,44]} 1. d4 Nf6 2. c4 g6 3. Nc3 Bg7 4. e4 d6 5. Be2 O-O 6. Be3 e5 7. d5 Na6 8. g4 {E73: King's Indian: Averbakh Variation without 6...c5} Nc5 9. f3 h5 10. g5 Nh7 11. h4 f6 12. gxf6 Bxf6 {[#] LiveBook: 5 Games} 13. Bf2 $1 Be7 14. Kd2 Rf4 {[%cal Re7h4]} 15. Qe1 $1 a5 $146 ({Predecessor:} 15... Bd7) 16. Nh3 (16. Kc2 $16) 16... Rxh4 $11 17. Bxh4 Bxh4 18. Qg1 Qf6 19. Kc2 $1 Kg7 (19... Ng5 $1 $11 20. Nxg5 Bxg5) 20. Nf2 (20. Qh2 $14) 20... Bd7 21. Nd3 b6 22. Qh2 Bg5 23. Rag1 Nxd3 24. Bxd3 Rf8 25. Be2 Qf4 {The position is equal.} 26. Qg2 Qf6 27. a3 Kh6 28. Qf2 Qf4 29. Qg2 Qf6 30. Qf2 Qf4 {Precision: White = 44%, Black = 67%.} 1/2-1/2